| 000 | 00769nam a2200241 a 4500 | ||
|---|---|---|---|
| 008 | |||
| 020 | _a0412376806 (cased) | ||
| 049 | _aMAIN | ||
| 090 |
_aTS192 _bLYO |
||
| 100 | 1 | _aLyonnet, P. | |
| 245 | 1 | 0 |
_aMaintenance planning : _bmethods and mathematics / _cP. Lyonnet ; English translation by Jack Howlett. |
| 260 |
_aLondon : _bChapman and Hall, _c1991. |
||
| 300 |
_ax, 224 p. ; _c24 cm. |
||
| 500 | _aTranslation of: La maintenance. | ||
| 500 | _aIncludes index. | ||
| 650 | 0 |
_aPlant maintenance _xPlanning. |
|
| 650 | 0 |
_aIndustrial equipment _xMaintenance and repair _xPlanning. |
|
| 907 |
_a.b10008111 _b23-02-11 _c17-04-03 |
||
| 003 | |||
| 005 | 20230123133453.0 | ||
| 040 | _cNUST | ||
| 942 |
_cBOOKS _kTS192 _mLYO |
||
| 999 |
_c149138 _d149138 |
||